OECD Employment and Skills Strategies in Slovenia

Salvato in:
Dettagli Bibliografici
Natura: Libro
Lingua:inglese
Pubblicazione: Paris OECD 2017
Serie:OECD Reviews on Local Job Creation
Soggetti:
Tags: Aggiungi Tag
Nessun Tag, puoi essere il primo ad aggiungerne!!

MARC

LEADER 00000nam a2200000 4500
001 0241077
005 20240314123314.1
020 |a 978-92-64-27891-2 
041 0 |a eng 
044 |a FR 
245 1 0 |a OECD Employment and Skills Strategies in Slovenia 
264 1 |a Paris  |b OECD  |c 2017 
300 |a 92 s. 
490 1 |a OECD Reviews on Local Job Creation 
830 0 |a OECD Reviews on Local Job Creation 
610 2 0 |a zamestnanosť 
610 2 0 |a trh práce 
610 2 0 |a politika zamestnanosti 
610 2 0 |a vzdelávanie 
610 2 0 |a zručnosti 
610 2 0 |a rozvoj hospodársky 
610 2 0 |a Slovinsko